000 00322nam a2200145Ia 4500
008 230718s9999 xx 000 0 und d
041 _aEng.
082 _a346.4206
_bKHA-M
100 _aKhan, Ahmad
245 0 _aMinor Act
260 _aPakistan
_bPunjab Law Book
_c2015
300 _a238
650 _aLaw
999 _c31049
_d31049